[Event "Cearense Interioran op"]
[Site "Fortaleza"]
[Date "2017.09.13"]
[Round "5"]
[White "De Padua Freitas, Francisco Marcelo E"]
[Black "Bezerra, Alessandro Marinho"]
[Result "1-0"]
[WhiteElo "1748"]
[BlackElo "1899"]
[PlyCount "74"]
[EventDate "2017.09.09"]
[EventType "swiss"]
[EventRounds "5"]
[EventCountry "BRA"]
[SourceTitle "EXT 2019"]
[Source "ChessBase"]
[SourceDate "2018.10.10"]
[SourceVersion "1"]
[SourceVersionDate "2018.10.10"]
[SourceQuality "1"]

1. e4 d6 2. d4 g6 3. Bd3 Bg7 4. Ne2 Nf6 5. 0-0 0-0 6. c3 Nbd7 7. Nd2 b6 8. f4 e5 9. Nf3 exd4 10. cxd4 Bb7 11. Ng3 c5 12. d5 Rc8 13. Bc4 a6 14. a4 Ne8 15. Re1 Nc7 16. Qb3 Re8 17. Bd2 Rb8 18. Qc2 b5 19. axb5 axb5 20. Be2 Nb6 21. f5 Na4 22. Bxb5 Nxb5 23. Rxa4 Nd4 24. Nxd4 Bxd4+ 25. Kh1 Qf6 26. b3 Qe5 27. Rf1 Ra8 28. fxg6 fxg6 29. Bf4 Qe7 30. Rxa8 Rxa8 31. Qd2 Qd7 32. b4 Ra3 33. Bh6 Bg7 34. Bxg7 Qxg7 35. bxc5 dxc5 36. Qf4 Ra8 37. Qd6 c4 1-0

[Event "Cearense Interioran op"]
[Site "Fortaleza"]
[Date "2017.09.12"]
[Round "4"]
[White "De Lima Jr, Antonio Jose Romao"]
[Black "De Padua Freitas, Francisco Marcelo E"]
[Result "1-0"]
[WhiteElo "1933"]
[BlackElo "1748"]
[PlyCount "125"]
[EventDate "2017.09.09"]
[EventType "swiss"]
[EventRounds "5"]
[EventCountry "BRA"]
[SourceTitle "EXT 2019"]
[Source "ChessBase"]
[SourceDate "2018.10.10"]
[SourceVersion "1"]
[SourceVersionDate "2018.10.10"]
[SourceQuality "1"]

1. Nf3 c5 2. c3 g6 3. d4 cxd4 4. cxd4 Bg7 5. Bf4 Nf6 6. e3 0-0 7. h3 d6 8. Bd3 Nh5 9. Bh2 e5 10. dxe5 dxe5 11. 0-0 Nc6 12. Be4 f5 13. Bxc6 bxc6 14. Bxe5 Bxe5 15. Nxe5 Qf6 16. Qb3+ Kg7 17. Qc3 Bb7 18. Nd7 Qxc3 19. Nxc3 Rf7 20. Rfd1 Re8 21. Nc5 Bc8 22. Rd6 f4 23. e4 f3 24. g3 Nxg3 25. Rxc6 Ne2+ 26. Kh2 Rf4 27. Rxc8 Rxc8 28. Ne6+ Kh6 29. Nxf4 Nxf4 30. Kg3 Nd3 31. Kxf3 Nxb2 32. Nd5 Nd3 33. Ke3 Ne5 34. f4 Nc4+ 35. Kd4 Nd2 36. Kd3 Nf3 37. Rf1 Nh4 38. Rf2 Rd8 39. Kc4 Re8 40. Nf6 Re6 41. e5 Kg7 42. Rd2 Re7 43. a4 Nf5 44. Rd7 Rxd7 45. Nxd7 Kf7 46. Kb5 Ne7 47. Ka6 Nd5 48. Kxa7 Ke7 49. Nf6 Nxf4 50. a5 Nd3 51. Nxh7 Nxe5 52. Kb7 Nd7 53. Ng5 Nc5+ 54. Kc6 Nd7 55. Nf7 Nb8+ 56. Kb7 Nd7 57. Kc7 Nc5 58. Ne5 g5 59. Kc6 Na6 60. Kb6 Nb8 61. Nc6+ Nxc6 62. Kxc6 Kd8 63. Kb7 1-0

[Event "Cearense Interioran op"]
[Site "Fortaleza"]
[Date "2017.09.09"]
[Round "1"]
[White "De Padua Freitas, Francisco Marcelo E"]
[Black "Lemos, Dawton Almino"]
[Result "1/2-1/2"]
[WhiteElo "1748"]
[BlackElo "2206"]
[PlyCount "70"]
[EventDate "2017.09.09"]
[EventType "swiss"]
[EventRounds "5"]
[EventCountry "BRA"]
[SourceTitle "EXT 2019"]
[Source "ChessBase"]
[SourceDate "2018.10.10"]
[SourceVersion "1"]
[SourceVersionDate "2018.10.10"]
[SourceQuality "1"]

1. e4 e6 2. d4 d5 3. exd5 exd5 4. Nf3 Nc6 5. Bb5 Bd6 6. 0-0 Nge7 7. Nc3 Bg4 8. h3 Bh5 9. Re1 0-0 10. Bg5 Bxf3 11. Qxf3 Nxd4 12. Qd3 Nxb5 13. Nxb5 Re8 14. Nxd6 Qxd6 15. Bxe7 Rxe7 16. Rxe7 Qxe7 17. Qxd5 c6 18. Qd2 Rd8 19. Re1 Qf6 20. Qe3 h6 21. Qe7 Rd2 22. Qxf6 gxf6 23. Re7 b6 24. Rxa7 Rxc2 25. b3 Kg7 26. Ra6 b5 27. a4 b4 28. Rb6 c5 29. Rb5 Rc3 30. a5 Rxb3 31. Rxc5 Ra3 32. Rb5 b3 33. a6 Ra1+ 34. Kh2 b2 35. Rxb2 Rxa6 1/2-1/2